[Event "CHI-ch qual"]
[Site "Quilpue"]
[Date "2016.11.19"]
[Round "1.3"]
[White "Abrigo Olivares, Luis Eduardo"]
[Black "Huerta Penailillo, Danitza Aleja"]
[Result "1-0"]
[WhiteElo "1492"]
[BlackElo "1049"]
[PlyCount "75"]
[EventDate "2016.11.19"]
[EventType "swiss"]
[EventRounds "6"]
[EventCountry "CHI"]
[SourceTitle "EXT 2024"]
[Source "ChessBase"]
[SourceDate "2023.10.10"]
[SourceVersion "1"]
[SourceVersionDate "2023.10.10"]
[SourceQuality "1"]

1. e4 e5 2. Nf3 Nc6 3. Bb5 d6 4. d4 Bd7 5. 0-0 Nf6 6. Bxc6 bxc6 7. dxe5 Nxe4 8. Qe2 f5 9. exf6 d5 10. Nc3 Bf5 11. Nd4 Qxf6 12. Nxf5 Qxf5 13. f3 Bc5+ 14. Be3 d4 15. fxe4 Qe5 16. Bf4 d3+ 17. Kh1 dxe2 18. Bxe5 exf1Q+ 19. Rxf1 Bd6 20. Bxg7 Rg8 21. Bh6 Rg6 22. Be3 h6 23. Na4 Ke7 24. Bc5 Rf8 25. Rxf8 Kxf8 26. e5 Bxc5 27. Nxc5 Ke7 28. Kg1 Rg5 29. Nd3 h5 30. Kf2 Ke6 31. g3 Rg4 32. b3 h4 33. Kf3 Rd4 34. g4 Rd8 35. h3 Rf8+ 36. Ke4 Rf1 37. Nf4+ Kd7 38. Kf5 1-0